Countries France Has Declared War On - Statistics

General Stats
  • This quiz has been taken 78 times
  • The average score is 40 of 68
Answer Stats
Date War Outcome Answer % Correct
1792 War of the First Coalition Victory Great Britain
97%
1798 War of the Second Coalition Victory Russia
95%
1792 War of the First Coalition Victory Spain
94%
1792 War of the First Coalition Victory Germany
92%
1792 War of the First Coalition Victory Portugal
87%
1809 War of the Fifth Coalition Victory Austria
86%
1798 Quasi-War Defeat United States
86%
1683 Shimonoseki Campaign Victory Japan
84%
1939 Second World War Victory Japan
84%
1798 War of the Second Coalition Victory Turkey
84%
1823 Greek War of Independence Victory Algeria
83%
1848 First ______ War of Independence Victory Italy
83%
1918 _______-Romanian War Victory Hungary
81%
1792 War of the First Coalition Victory Netherlands
81%
1857 Second Opium War Victory China
79%
1990 Gulf War Victory Iraq
78%
1827 French Conquest of Algeria Victory Morocco
76%
1789 French Revolution Victory France
70%
1823 Greek War of Independence Victory Egypt
68%
1853 Crimean War Victory Greece
68%
1803 War of the Third Coalition Victory Sweden
68%
1975 Western Sahara War Victory Libya
67%
1939 Second World War Victory Romania
67%
1847 Bombardment of Tourane Victory Vietnam
67%
1914 First World War Victory Bulgaria
65%
1838 First Franco-_______ War Victory Mexico
65%
1950 Korean War Defeat North Korea
65%
1798 French invasion of _______ Victory Switzerland
65%
1823 Greek War of Independence Victory Tunisia
65%
1813 War of the Sixth Coalition Victory Denmark
63%
1992 Bosnian war Victory Serbia
63%
1939 Second World War Victory Finland
62%
1918 Russian Civil War Defeat Ukraine
62%
1899 Rabih War Victory Chad
60%
1978 _______-Libyan Conflict Victory Chad
60%
1801 War of the Oranges Victory Brazil
59%
1805 Siege of Santo Domingo Victory Haiti
59%
1939 Second World War Victory Thailand
59%
1915 Volta-Bani War Victory Mali
57%
1916 Kaocen Revolt Victory Niger
54%
1847 Bombardment of Tourane Victory Cambodia
52%
1893 Franco-Siamese Conflict Victory Laos
52%
1920 Franco-_______ War Victory Syria
51%
2014 Operation Chammal Ongoing Syria
51%
1939 Second World War Victory Croatia
49%
1918 Russian Civil War Defeat Estonia
49%
1928 Kongo-Wara Rebellion Victory Cameroon
44%
1825 ____ and German Mercenary Revolt Victory Ireland
44%
1918 Russian Civil War Defeat Latvia
44%
2005 Chadian Civil War Victory Sudan
44%
2001 War in ________ Defeat Afghanistan
41%
1839 _______ Civil War Victory Argentina
40%
1915 Volta-Bani War Victory Burkina Faso
40%
1919 ________ Rebellion Victory Luxembourg
38%
1883 Mandingo Wars Victory Mauritania
38%
2002 First _____ Civil War Victory Ivory Coast
37%
1939 Second World War Victory Slovakia
37%
1890 First Franco-Dahomean War Victory Benin
33%
1963 Sand War Defeat Cuba
33%
1918 Russian Civil War Defeat Mongolia
33%
1990 _______ Civil War Defeat Rwanda
32%
2024 Operation Aspides Ongoin Yemen
32%
1991 ________ Civil War Victory Djibouti
30%
1894 First Italo-Ethiopian War Victory Eritrea
30%
1883 First _________ Expedition Victory Madagascar
30%
1975 Angolan Civil War Defeat Namibia
22%
1813 War of the Sixth Coalition Victory Liechtenstein
19%
1839 _______ Civil War Victory Uruguay
19%
No matching quizzes found
Score Distribution
Percent of People with Each Score
Percentile by Number Answered
Your Score History
You have not taken this quiz